sanah - etc. (na disco) - Statystyki

Ogólne statystyki
  • Ten quiz został rozwiązany 17 razy
  • Średni wynik to 87 z 116
Statystyki odpowiedzi
Odpowiedź % Poprawnych
et
100%
i
100%
ja
100%
A
92%
Chwytasz
92%
dłonie
92%
jak
92%
Jak
92%
konwalie
92%
konwalie...
92%
Moją
92%
Na
92%
na
92%
róż
92%
szminka
92%
talię
92%
Twe
92%
w
92%
buzi
83%
do
83%
już
83%
łza
83%
me
83%
mej
83%
No
83%
popłynie
83%
skroni
83%
tańcują
83%
Zanim
83%
cetera
75%
Czule
75%
diamenty
75%
diamenty...
75%
ma
75%
mi
75%
mienią
75%
nie
75%
Oczy
75%
odmęty
75%
One
75%
przeplataj
75%
się
75%
włosy
75%
Że
75%
bruneta
67%
całe
67%
dnie
67%
kto
67%
mam?
67%
mam
67%
niepytane
67%
pan
67%
słabość
67%
to
67%
To
67%
Wpadnie
67%
będą
58%
byle
58%
całuje
58%
dasz
58%
Jeśli
58%
pamięci
58%
pana
58%
Przecież
58%
rączki
58%
rozkwitały
58%
rumieńce
58%
Skąd
58%
słówko
58%
te
58%
twej
58%
ty
58%
wiadome
58%
zostanę
58%
jestem
50%
Mojej
50%
mówił
50%
twa
50%
tyś
50%
dziś
42%
miła
42%
Niechże
42%
Nie znaleziono quizów pasujących do podanych kryteriów
Rozkład punktacji
Procent ludzi z każdym wynikiem
Percentyl według liczby udzielonych odpowiedzi
Twoja historia wyników
Nie rozwiązałeś tego quizu